000 00319nam a2200121Ia 4500
008 191201s2014 xx 000 0 und d
100 _aHENNESSY,John L
245 0 _aComputer Architecture: A Quantitative Approach
260 _aN. Delhi
_bElsevier
_c2014
300 _a493+misc
650 _aM.Tech(CSE)
942 _2ddc
_cBK
999 _c6228
_d6228